| 000 | nam a22 7a 4500 | ||
|---|---|---|---|
| 999 |
_c125016 _d125016 |
||
| 005 | 20190314141829.0 | ||
| 008 | 190305b sp ||||| |||| 00| 0 spa d | ||
| 020 | _a8480762926 | ||
| 050 | 0 | 4 |
_aNA4110 _bS78 1999 |
| 100 | 1 | _aStungo, Naomi | |
| 240 | 1 | 0 |
_aThe new wood architecture _lEspañol |
| 245 | 1 | 0 |
_aArquitectura en madera : _bnuevas tendencias _c/Naomi Stungo ;Traducción Margarita Kirchner. |
| 250 | _a1a. | ||
| 260 |
_aBarcelona, España : _bBlume, _c1999 |
||
| 300 |
_a240 p. : _bil ; _c29 cm. |
||
| 500 | _aFomes. Escuela | ||
| 650 | 7 |
_2lemb _aConstrucción y diseño _xMadera _xArquitectura |
|
| 700 | 1 |
_aKirchner, Margarita, _etraductor. |
|
| 942 |
_2lcc _cLIB |
||